000 00471nam a2200205Ia 4500
005 20250425161411.0
008 250425s9999 xx 000 0 und d
020 _a0835945693
041 _aeng
082 _a620.11
100 _aGRANET, IRVING
245 0 _aMODERN MATERIALS SCIENCE
250 _a1A ED.
260 _aEstados Unidos
_bRESTON PUBLISHING
_c1980
260 _aRESTON
300 _a529
650 _aMATERIALES
942 _c01
010 _a19447
999 _c208473
_d208473